| 000 | 00649nam a22001817a 4500 | ||
|---|---|---|---|
| 003 | CEME | ||
| 005 | 20210628205657.0 | ||
| 008 | 210312b xxu||||| |||| 00| 0 eng d | ||
| 020 | _a0-87703-351-X | ||
| 040 | _c. | ||
| 082 | _a629.4 ADV | ||
| 100 |
_aBainum, Peter.M May, Gayle.L Magatomo, Makoto _976597 |
||
| 245 | _aAdvances in the astronautical sciences international space year in the pacific basin | ||
| 260 |
_aNEWYORK _bAMERICAN ASTRONAUTICAL _c1992 |
||
| 300 | _a778P | ||
| 650 |
_aASTRONAUTICAL SCIENCES MAN IN SPACE MOON AND MARS EXPLORATION SPACE TRANSPORTATION AND PROPULSION REMOTE SENSING ASTRODYNAMICS _976598 |
||
| 942 |
_cBK _2ddc |
||
| 999 |
_c581955 _d581955 |
||